Obálka Náhled e-knihy:
PDF Epub
Pro půjčování e-knih musíte být přihlášeni.
Jak si půjčit online?

Terapie sebepoznáním /

Kniha vychází z terapeutických zkušeností autora a odborných poznatků z hlubinné psychologie. Je průvodcem v oblasti osobního rozvoje a lidské psychiky. Ukazuje i vliv dětství a dospívání na budoucí podobu osobnosti a mezilidské vztahy.

Uloženo v:
Hlavní autor: Zetek, Tomáš, 1980- (Autor)
Médium: E-kniha
Jazyk:Czech
Vydáno: V Praze : Pointa, 2021
Vydání:První vydání
Témata:
Tagy:
Žádné tagy
LEADER 02259nam a2200505 i 4500
001 313916
003 CZ PrSKC
005 20260624062714.0
007 ta
008 220114s2021 xr a e f 000 0 cze
015 |a cnb003377838 
020 |a 9788076504967  |q (brožováno) :  |c Kč 330,00 
035 |a (OCoLC)1296108012 
040 |a ABA001  |b cze  |e rda 
072 7 |a 159.92  |x Vývojová psychologie. Individuální psychologie  |2 Konspekt 
080 |a 159.923.2  |2 MRF 
080 |a 159.96  |2 MRF 
080 |a 159.923.5  |2 MRF 
080 |a (0.062)  |2 MRF 
100 1 |a Zetek, Tomáš,  |d 1980-  |7 pna20211135608  |4 aut 
245 1 0 |a Terapie sebepoznáním /  |c Tomáš Zetek 
250 |a První vydání 
264 1 |a V Praze :  |b Pointa,  |c 2021 
300 |a 177 stran :  |b ilustrace ;  |c 20 cm 
336 |a text  |b txt  |2 rdacontent 
337 |a bez média  |b n  |2 rdamedia 
338 |a svazek  |b nc  |2 rdacarrier 
504 |a Obsahuje bibliografii 
520 2 |a Kniha vychází z terapeutických zkušeností autora a odborných poznatků z hlubinné psychologie. Je průvodcem v oblasti osobního rozvoje a lidské psychiky. Ukazuje i vliv dětství a dospívání na budoucí podobu osobnosti a mezilidské vztahy. 
650 0 7 |a sebepoznání  |7 ph116116  |x psychoanalytické aspekty  |2 czenas 
650 0 7 |a sebepřijímání  |7 ph210489  |2 czenas 
650 0 7 |a sebeřízení  |7 ph303239  |2 czenas 
650 0 7 |a rozvoj osobnosti  |7 ph194683  |2 czenas 
650 0 9 |a self-consciousness  |x psychoanalytical aspects  |2 eczenas 
650 0 9 |a self-acceptance  |2 eczenas 
650 0 9 |a self-management  |2 eczenas 
650 0 9 |a personality development  |2 eczenas 
655 7 |a populárně-naučné publikace  |7 fd131864  |2 czenas 
655 9 |a popular works  |2 eczenas 
900 |a ABA001  |b 19 
928 9 |a Albatros Media - Pointa 
044 |a xr 
910 |a RBIT002 
998 |d 415121  |a https://core.palmknihy.cz/api/books/415121/cover?slyvpb  |b https://core.palmknihy.cz/api/books/415121/cover/400?slyvpb  |c https://core.palmknihy.cz/api/books/415121/cover/50?slyvpb  |e 2031-04-15  |g 184  |i 9788076504967  |j https://core.palmknihy.cz/api/books/415121/preview.epub  |k https://core.palmknihy.cz/api/books/415121/preview.pdf  |l   |q 49  |r 1  |s https://www.palmknihy.cz/kniha/415121  |t ebook  |y 2021  |z 0 
999 |d 313914